| 000 | 00407nam a22001457a 4500 | ||
|---|---|---|---|
| 005 | 20151201094305.0 | ||
| 008 | 151201b xxu||||| |||| 00| 0 eng d | ||
| 040 | _cPK-LaUMT | ||
| 082 |
_aMSC 509.2 _bHAM-N |
||
| 100 | _aحمید عسکری | ||
| 245 |
_aنام ورمسلم سائنس دان _cحمید عسکری |
||
| 260 |
_aلاہور _bمجلس ترقی ادب _c2008 |
||
| 300 | _a338 ص | ||
| 942 | _cBK | ||
| 999 |
_c79294 _d79294 |
||